书目信息 |
| 题名: |
作物育种实训指导
|
|
| 作者: | 王家顺 主编 | |
| 分册: | ||
| 出版信息: | 武汉 华中科技大学出版社 2020.06 |
|
| 页数: | 145页 | |
| 开本: | 26cm | |
| 丛书名: | ||
| 单 册: | ||
| 中图分类: | S33 | |
| 科图分类: | ||
| 主题词: | 作物育种--zuo wu yu zhong--教材 | |
| 电子资源: | ||
| ISBN: | 978-7-5680-6002-8 | |
| 000 | 01258nam0 2200229 450 | |
| 001 | 0109110213 | |
| 005 | 20201109110338.0 | |
| 010 | @a978-7-5680-6002-8@dCNY38.00 | |
| 100 | @a20200818d2020 em y0chiy50 ea | |
| 101 | 0 | @achi |
| 102 | @aCN@b420000 | |
| 105 | @aa z 000yy | |
| 106 | @ar | |
| 200 | 1 | @a作物育种实训指导@Azuo wu yu zhong shi xun zhi dao@f王家顺主编 |
| 210 | @a武汉@c华中科技大学出版社@d2020.06 | |
| 215 | @a145页@c图@d26cm | |
| 330 | @a本书针对培养地方性应用型人才的目标,把培养人才应用能力的主旨贯彻始终,力求体现系统性、科学性和实用性,注重育种工作环节与育种技术紧密结合,突出在农业生产中的应用作用。全书分为3大部分:第1部分为作物育种基础,共5个训练,从育种工作的实际需要角度出发,力求解决育种工作的系统思路问题;第2部分为作物育种技术,共7个训练,力求从种质资源的研究分析、主要作物品种的育种技术和新品种审核环节解决作物新品种选育的基本方法问题第3部分为作物分子育种技术,共5个训练,从DNA的提取、扩增、检测、克隆和导入,解决分子技术在作物育种工作的基本应用问题。附录部分旨在使学生熟悉作物品种生产、经营、管理等相关的法律法规,提升知识产权保护和法律防范意识。 | |
| 606 | 0 | @a作物育种@Azuo wu yu zhong@j教材 |
| 690 | @aS33@v5 | |
| 701 | 0 | @a王家顺@Awang jia shun@4主编 |
| 801 | 0 | @aCN@bBJSZM@c20201103 |
| 905 | @b1240657-9@dS33@e83@f3 | |
| 作物育种实训指导/王家顺主编.-武汉:华中科技大学出版社,2020.06 |
| 145页:图;26cm |
| ISBN 978-7-5680-6002-8:CNY38.00 |
| 本书针对培养地方性应用型人才的目标,把培养人才应用能力的主旨贯彻始终,力求体现系统性、科学性和实用性,注重育种工作环节与育种技术紧密结合,突出在农业生产中的应用作用。全书分为3大部分:第1部分为作物育种基础,共5个训练,从育种工作的实际需要角度出发,力求解决育种工作的系统思路问题;第2部分为作物育种技术,共7个训练,力求从种质资源的研究分析、主要作物品种的育种技术和新品种审核环节解决作物新品种选育的基本方法问题第3部分为作物分子育种技术,共5个训练,从DNA的提取、扩增、检测、克隆和导入,解决分子技术在作物育种工作的基本应用问题。附录部分旨在使学生熟悉作物品种生产、经营、管理等相关的法律法规,提升知识产权保护和法律防范意识。 |
| ● |
| 相关链接 |
|
|
|
|
正题名:作物育种实训指导
索取号:S33/83
 
预约/预借
| 序号 | 登录号 | 条形码 | 馆藏地/架位号 | 状态 | 备注 |
| 1 | 1240657 | 212406573 | 第二样本阅览室/ [索取号:S33/83] | 在馆 | |
| 2 | 1240658 | 212406582 | 第三借阅区/ [索取号:S33/83] | 在馆 | |
| 3 | 1240659 | 212406591 | 第三借阅区/ [索取号:S33/83] | 在馆 |